| 000 | 00843nam a2200229Ia 4500 | ||
|---|---|---|---|
| 003 | GCL | ||
| 008 | 140319s9999 xx 000 0 ara d | ||
| 040 |
_aGCL / _cGCL |
||
| 082 | 0 | 4 |
_a923.2 _bا ف |
| 100 | 1 | _aمحمد محمود صبح | |
| 245 | 1 | 0 |
_aفى سيرة صلاح الدين الايوبى النوادر السلطانية والمحاسن اليوسفية / _cمحمد محمود صبح |
| 700 | 1 | _aابن شداد : بهاءالدين ابو المحاسن يوسف بن رافع بن تميم الاسدى | |
| 260 |
_a[S.N] : _bدار الكتب المصرية |
||
| 300 | _a423 ص | ||
| 490 | _a | ||
| 650 | 0 | 4 | _aمصر |
| 650 | 0 | 4 | _aالاسلام |
| 650 | 0 | 4 | _aالتاريخ |
| 650 | 0 | 4 | _aالدولة الايوبية فى مصر والشام |
| 650 | 0 | 4 | _aصلاح الدين الايوبى |
| 942 |
_2ddc _cBK |
||
| 999 |
_c58817 _d58817 |
||